[Event "Leiden SB-ch"]
[Site "Leiden"]
[Date "2004.07.07"]
[Round "7"]
[White "Van Vliet, Jeffrey"]
[Black "Fructuoso, Vincent"]
[Result "0-1"]
[WhiteElo "2186"]
[BlackElo "2106"]
[PlyCount "70"]
[EventDate "2004.05.19"]
[EventType "swiss"]
[EventRounds "7"]
[EventCountry "NED"]
[SourceTitle "EXT 2012"]
[Source "ChessBase"]
[SourceDate "2011.11.24"]
[SourceVersion "1"]
[SourceVersionDate "2011.11.24"]
[SourceQuality "1"]

1. e4 c5 2. Nf3 Nc6 3. d4 cxd4 4. Nxd4 Nf6 5. Nc3 d6 6. f3 Nxd4 7. Qxd4 g6 8. Bb5+ Bd7 9. Bxd7+ Qxd7 10. Bg5 Bg7 11. Nd5 Nh5 12. Qb4 e6 13. Nf4 a5 14. Qb3 a4 15. Qb4 Nxf4 16. Bxf4 a3 17. Rd1 axb2 18. Rxd6 Qa4 19. Qxa4+ Rxa4 20. Ke2 Rxa2 21. Rhd1 0-0 22. Rd7 Ra1 23. Rxb7 Rfa8 24. c4 Bd4 25. c5 R8a2 26. Rb8+ Kg7 27. Bd2 Rc1 28. Rb5 e5 29. c6 Rxc6 30. f4 Ra1 31. fxe5 Rb6 32. Rxb6 Bxb6 33. e6 Kf8 34. Bb4+ Ke8 35. Rd7 fxe6 0-1

[Event "Leiden SB-ch"]
[Site "Leiden"]
[Date "2004.05.26"]
[Round "2"]
[White "Fructuoso, Vincent"]
[Black "Termeulen, Albert"]
[Result "0-1"]
[WhiteElo "2106"]
[BlackElo "2122"]
[PlyCount "48"]
[EventDate "2004.05.19"]
[EventType "swiss"]
[EventRounds "7"]
[EventCountry "NED"]
[SourceTitle "EXT 2012"]
[Source "ChessBase"]
[SourceDate "2011.11.24"]
[SourceVersion "1"]
[SourceVersionDate "2011.11.24"]
[SourceQuality "1"]

1. d4 Nf6 2. c4 g6 3. Nc3 Bg7 4. e4 d6 5. Nf3 0-0 6. Be2 Nbd7 7. 0-0 e5 8. Be3 Ng4 9. Bc1 c6 10. d5 c5 11. Nd2 Nh6 12. Rb1 f5 13. b4 cxb4 14. Rxb4 Nc5 15. Nb3 b6 16. a4 fxe4 17. a5 Qh4 18. axb6 Ng4 19. Bxg4 Bxg4 20. Qd2 Rf5 21. Qe3 Bf3 22. bxa7 Qg4 23. Rb8+ Bf8 24. Rxf8+ Raxf8 0-1